Quizmaster's Top 10 Best Quizzes! - Statistics

General Stats
  • This quiz has been taken 49 times
  • The average score is 3 of 10
Answer Stats
Quiz Name % Correct
Countries of the World Quiz
100%
US States Quiz
64%
World Capitals Quiz
30%
US Presidents Quiz
25%
Europe Map Quiz
18%
United States Map Quiz
11%
Fast Typing to 100 Quiz
9%
NFL Football Teams Quiz
7%
Fifty States in 1 Minute
2%
Pays du monde
2%
No matching quizzes found
Score Distribution
Percent of People with Each Score
Percentile by Number Answered
Your Score History
You have not taken this quiz